Southville International School and Colleges
Your cart is empty.
  • Cart
  • Lists
    Public lists Eva Luna New books Lux_list list_1
    Your lists Log in to create your own lists
  • Log in to your account
  • Your cookies
  • Search history
Southville International School and Colleges
  • Advanced search
  • Recent comments
  • Most popular
  • Libraries

Log in to your account

Log in with GOOGLE


If you do not have an external account, but do have a local account, you can still log in:

  1. Home
  2. MARC view: Fundamentals of Nursing :
Normal view MARC view ISBD view

Fundamentals of Nursing : (Record no. 288520)

[ view plain ]
MARC details
000 -LEADER
fixed length control field 00598nam a2200217 a 4500
003 - CONTROL NUMBER IDENTIFIER
control field PILC
005 - DATE AND TIME OF LATEST TRANSACTION
control field 20150827074535.0
008 - FIXED-LENGTH DATA ELEMENTS--GENERAL INFORMATION
fixed length control field 101019s19uu xx 00 eng d
020 ## - INTERNATIONAL STANDARD BOOK NUMBER
International Standard Book Number 98114119202
050 ## - LIBRARY OF CONGRESS CALL NUMBER
Classification number RT 41
Item number .K72 2004
100 ## - MAIN ENTRY--PERSONAL NAME
Personal name Kozier, Barbara.
245 ## - TITLE STATEMENT
Title Fundamentals of Nursing :
Remainder of title concepts, process and practices /
Statement of responsibility, etc Barbara Kozier (and 3 others).
260 ## - PUBLICATION, DISTRIBUTION, ETC. (IMPRINT)
Place of publication, distribution, etc NJ :
Name of publisher, distributor, etc Pearson,
Date of publication, distribution, etc 2004.
300 ## - PHYSICAL DESCRIPTION
Extent 247 pages ;
Dimensions 26 cm.
650 ## - SUBJECT ADDED ENTRY--TOPICAL TERM
Topical term or geographic name as entry element Nursing
Source of heading or term nature.
650 ## - SUBJECT ADDED ENTRY--TOPICAL TERM
Topical term or geographic name as entry element Assessment
Source of heading or term nursing.
942 ## - ADDED ENTRY ELEMENTS (KOHA)
Koha item type Books
Source of classification or shelving scheme Library of Congress Classification
Call number prefix Foreign
Holdings
Withdrawn status Lost status Source of classification or shelving scheme Damaged status Home library Current library Shelving location Date acquired Source of acquisition Sub Shelving location Total Checkouts Full call number Barcode Date last seen Price effective from Koha item type
    Library of Congress Classification   College Library College Library General Circulation Section 08/27/2015 Donation     RT 41 .K72 2004 C19826 05/15/2018 08/27/2015 Books

Fundamentals of Nursing :

APA

Kozier B., . (2004). Fundamentals of Nursing. NJ: Pearson.

Chicago

Kozier Barbara, . 2004. Fundamentals of Nursing. NJ: Pearson.

Harvard

Kozier B., . (2004). Fundamentals of Nursing. NJ: Pearson.

MLA

Kozier Barbara, . Fundamentals of Nursing. NJ: Pearson. 2004.

  • Place hold
  • Print
  • Cite
  • Add to your cart (remove)
  • Save record
    BIBTEX Dublin Core MARCXML MARC (non-Unicode/MARC-8) MARC (Unicode/UTF-8) MARC (Unicode/UTF-8, Standard) MODS (XML) RIS
  • More searches
    Search for this title in:
    Other Libraries (WorldCat) Other Databases (Google Scholar) Online Stores (Bookfinder.com) Open Library (openlibrary.org)

Exporting to Dublin Core...

SOUTHVILLE LIBRARY

Southville International School and Colleges Library

1281 Tropical Ave. Cor. Luxembourg St., BF Homes International, Las Pinas City

Tel. No. 8256374 / 252358 Loc. 117/146

Powered by Koha